000 00532nam a22001817a 4500
003 UA-OsUOA
001 11255
007 ta
008 20050120b un ||||| |||| 00| 0 ukr d
100 _aКогляк А.
942 _cSA
040 _aUA-OsUOA
_cUA-OsUOA
_dUA-OsUOA
245 _aДосвід роботи з краєзнавства Криворізької міської бібілотеки для дорослих №11
300 _aС.29
955 _a0
773 0 _w0
650 7 _aКраєзнавча робота
_2UDC
999 _c297416
_d297416